| 000 | 00888nam a2200277Ia 4500 | ||
|---|---|---|---|
| 003 | OSt | ||
| 005 | 20220918171209.0 | ||
| 006 | a|||||r|||| 00| 0 | ||
| 007 | ta | ||
| 008 | 220917b |||||||| |||| 00| 0 eng d | ||
| 020 |
_a9781408296899 (pbk) _c1450 |
||
| 024 | _a286,801 | ||
| 037 |
_b104, 04/12/2015, Classic Book Service _cTextual |
||
| 040 |
_aARTS _cARTS _beng |
||
| 041 |
_2eng _aeng |
||
| 082 | _aT:3(D65,8(B)), Q6 | ||
| 100 |
_aDudeney Gavin _934696 |
||
| 245 | 0 |
_aDigital literacies _b Research and resources in language teaching |
|
| 260 |
_aLondon _bRoutledge UK _c2016 |
||
| 300 |
_axi, 387p. _ccm. |
||
| 650 | _aEDUCATION | ||
| 700 |
_a Hockly Nicky _934697 |
||
| 700 |
_a Pgrum Mark _934698 |
||
| 942 |
_hT:3(D65,8(B)), Q6 _cTEXL _2CC |
||
| 999 |
_c138276 _d138276 |
||